Statistics for České osobnosti podle obrázků - Famous Czechs by Picture

Click here to take the quiz!

General Stats

  • This quiz has been taken 499 times
  • The average score is 11 of 20

Answer Stats

Answer% Correct
Tomáš Garrigue Masaryk
98%
Jaromír Jágr
97%
Karel IV.
94%
Jan Amos Komenský
87%
Božena Němcová
86%
Petra Kvitová
78%
Milada Horáková
68%
Martina Sáblíková
66%
Antonín Dvořák
62%
Ema Destinnová
54%
Svatý Václav
54%
Marta Kubišová
46%
Karel Havlíček Borovský
45%
Miloš Forman
45%
Adina Mandlová
35%
Bohumil Hrabal
26%
Josef {Lada}
15%
Jan P{atočka}
14%
Alfons Mucha
13%
Eva Jiřičná
11%

Score Distribution

Percentile by Number Answered

Percent of People with Each Score

Your Score History

You have not taken this quiz